Szómutató Munkácsi Bernát "Árja és kaukázusi elemek a finn-magyar nyelvekben" című művéhez

Elmentve itt :
Bibliográfiai részletek
Szerző: Juhász Jenő
További közreműködők: Munkácsi Bernát
Dokumentumtípus: Cikk
Megjelent: Akadémiai Kiadó Budapest 1960
Kulcsszavak:Finnugor nyelvészet, Uráli nyelvek
Tárgyszavak:
Online Access:http://misc.bibl.u-szeged.hu/68468
LEADER 00850nab a2200217 i 4500
001 misc68468
005 20230111123020.0
008 221111s1960 hu o 0|| hun d
040 |a SZTE Miscellanea Repozitórium  |b hun 
041 |a hun 
100 1 |a Juhász Jenő 
245 1 0 |a Szómutató Munkácsi Bernát "Árja és kaukázusi elemek a finn-magyar nyelvekben" című művéhez  |h [elektronikus dokumentum] /  |c  Juhász Jenő 
260 |a Akadémiai Kiadó  |b Budapest  |c 1960 
300 |a 58 p.  |c 24 cm 
561 |a Németh Gyula hagyaték 
591 |a OV 3948;J/24 5039;X 200688;J/75 N 407b;X 298909 
650 4 |a Bölcsészettudományok 
650 4 |a Nyelvek és irodalom 
695 |a Finnugor nyelvészet, Uráli nyelvek 
700 0 1 |a Munkácsi Bernát 
856 4 0 |u http://misc.bibl.u-szeged.hu/68468/1/3948_ov_93.pdf  |z Dokumentum-elérés